<?xml version="1.0" encoding="UTF-8"?>
<record
    xmlns:xsi="http://www.w3.org/2001/XMLSchema-instance"
    xsi:schemaLocation="http://www.loc.gov/MARC21/slim http://www.loc.gov/standards/marcxml/schema/MARC21slim.xsd"
    xmlns="http://www.loc.gov/MARC21/slim">

  <leader>01381cam a2200265 a 4500</leader>
  <controlfield tag="003">OSt</controlfield>
  <controlfield tag="005">20200708132816.0</controlfield>
  <controlfield tag="008">990413s1998    ck     grb    000 0 spa c</controlfield>
  <datafield tag="010" ind1=" " ind2=" ">
    <subfield code="a">99195888 </subfield>
  </datafield>
  <datafield tag="020" ind1=" " ind2=" ">
    <subfield code="a">9586018148</subfield>
  </datafield>
  <datafield tag="040" ind1=" " ind2=" ">
    <subfield code="a">ICU</subfield>
    <subfield code="c">CO-JMCR</subfield>
  </datafield>
  <datafield tag="082" ind1="0" ind2="4">
    <subfield code="a">332.09861009045 / </subfield>
    <subfield code="b">C387h</subfield>
    <subfield code="2">21</subfield>
  </datafield>
  <datafield tag="100" ind1="1" ind2=" ">
    <subfield code="a">Ceballos Ram&#xED;rez, Alfredo.</subfield>
    <subfield code="e">autor</subfield>
    <subfield code="9">6870</subfield>
  </datafield>
  <datafield tag="245" ind1="1" ind2="4">
    <subfield code="a">Una historia sin final :</subfield>
    <subfield code="b">otro cap&#xED;tulo del desarrollo econ&#xF3;mico /</subfield>
    <subfield code="c">Alfredo Ceballos Ram&#xED;rez</subfield>
  </datafield>
  <datafield tag="250" ind1=" " ind2=" ">
    <subfield code="a">Priemera edici&#xF3;n </subfield>
  </datafield>
  <datafield tag="260" ind1=" " ind2=" ">
    <subfield code="a">Bogot&#xE1; :</subfield>
    <subfield code="b">TM Editores,</subfield>
    <subfield code="c">1998.</subfield>
  </datafield>
  <datafield tag="300" ind1=" " ind2=" ">
    <subfield code="a">xxii, 354 p&#xE1;ginas ;</subfield>
    <subfield code="c">23 cm.</subfield>
  </datafield>
  <datafield tag="490" ind1="1" ind2=" ">
    <subfield code="a">Acad&#xE9;mica : </subfield>
    <subfield code="a">Administraci&#xF3;n</subfield>
  </datafield>
  <datafield tag="505" ind1="0" ind2=" ">
    <subfield code="a">Enfoque, marco conceptual, objetivos y metodolog&#xED;a -- La formulaci&#xF3;n de las pol&#xED;ticas -- El nivel institucional -- El compromiso agregado de las exportaciones -- An&#xE1;lisis al nivel de compa&#xF1;&#xED;as -- Conclusiones -- Los &#xFA;ltimos veinticinco a&#xF1;os 1970-1995 </subfield>
  </datafield>
  <datafield tag="520" ind1="0" ind2=" ">
    <subfield code="a">Este libro investiga las pol&#xED;ticas de desarrollo de las exportaciones. Analiza los procesos de exportaci&#xF3;n de formulaci&#xF3;n y revisi&#xF3;n de las pol&#xED;ticas, la actuaci&#xF3;n de las instituciones  encargadas de promoverlas y los factores que influencian las decisiones de los exportadores.</subfield>
  </datafield>
  <datafield tag="651" ind1="1" ind2="0">
    <subfield code="a">Colombia</subfield>
    <subfield code="x">Historia econ&#xF3;mica</subfield>
    <subfield code="9">6871</subfield>
  </datafield>
  <datafield tag="651" ind1=" " ind2="0">
    <subfield code="a">Colombia</subfield>
    <subfield code="x">Pol&#xED;tica econ&#xF3;mica</subfield>
    <subfield code="9">6872</subfield>
  </datafield>
  <datafield tag="830" ind1=" " ind2="0">
    <subfield code="a">Acad&#xE9;mica (Bogot&#xE1;, Colombia)</subfield>
    <subfield code="9">6873</subfield>
  </datafield>
  <datafield tag="942" ind1=" " ind2=" ">
    <subfield code="2">ddc</subfield>
    <subfield code="c">BK</subfield>
  </datafield>
  <datafield tag="999" ind1=" " ind2=" ">
    <subfield code="c">6750</subfield>
    <subfield code="d">6750</subfield>
  </datafield>
  <datafield tag="952" ind1=" " ind2=" ">
    <subfield code="0">0</subfield>
    <subfield code="1">0</subfield>
    <subfield code="2">ddc</subfield>
    <subfield code="4">0</subfield>
    <subfield code="7">0</subfield>
    <subfield code="a">CPL</subfield>
    <subfield code="b">CPL</subfield>
    <subfield code="c">GEN</subfield>
    <subfield code="d">2018-04-15</subfield>
    <subfield code="e">Donaci&#xF3;n</subfield>
    <subfield code="l">0</subfield>
    <subfield code="o">332.09861009045 / C387h</subfield>
    <subfield code="p">201809933</subfield>
    <subfield code="r">2024-05-16 00:00:00</subfield>
    <subfield code="t">Ej.1</subfield>
    <subfield code="w">2020-07-08</subfield>
    <subfield code="y">BK</subfield>
    <subfield code="z">Exlibris: con dedicatoria en p&#xE1;gina guarda.</subfield>
  </datafield>
</record>
